[Event "SWE-chB"]
[Site "Gothenburg"]
[Date "2004.07.21"]
[Round "11"]
[White "Karlsson, Tomas"]
[Black "Rylander, Dennis"]
[Result "1-0"]
[WhiteElo "2252"]
[BlackElo "2325"]
[PlyCount "85"]
[EventDate "2004.07.10"]
[EventType "tourn"]
[EventRounds "13"]
[EventCountry "SWE"]
[EventCategory "1"]
[SourceTitle "CBM 101 Extra"]
[Source "ChessBase"]
[SourceDate "2004.09.01"]
[SourceVersion "2"]
[SourceVersionDate "2004.09.01"]
[SourceQuality "1"]

1. e4 e6 2. d4 d5 3. Nc3 Bb4 4. e5 c5 5. a3 Bxc3+ 6. bxc3 Ne7 7. Qg4 0-0 8. Bd3 Nbc6 9. Qh5 Ng6 10. Nf3 Qc7 11. Be3 Nce7 12. h4 Bd7 13. Qg5 f6 14. exf6 gxf6 15. Qh6 Rf7 16. h5 Nf8 17. Qf4 Qxf4 18. Bxf4 Ba4 19. Kd2 Nc6 20. Rae1 Re8 21. Rh4 c4 22. Rg4+ Kh8 23. Be2 e5 24. dxe5 fxe5 25. Bg3 Nd7 26. Bd1 Nf6 27. Rh4 Rfe7 28. Kc1 a5 29. Rh3 Ne4 30. Bh4 Rd7 31. Rxe4 dxe4 32. Nd2 Rf8 33. Nxe4 Rdf7 34. Bf3 Na7 35. Bg3 Re7 36. Bh4 Ref7 37. Nd6 Rd7 38. Nxc4 Rc7 39. Nb6 Rxc3 40. Nxa4 Rxa3 41. Nc5 Nb5 42. Nd7 Rf5 43. Rg3 1-0

[Event "SWE-chB"]
[Site "Gothenburg"]
[Date "2004.07.20"]
[Round "10"]
[White "Rylander, Dennis"]
[Black "Malmstig, Erik"]
[Result "1-0"]
[WhiteElo "2325"]
[BlackElo "2250"]
[PlyCount "118"]
[EventDate "2004.07.10"]
[EventType "tourn"]
[EventRounds "13"]
[EventCountry "SWE"]
[EventCategory "1"]
[SourceTitle "CBM 101 Extra"]
[Source "ChessBase"]
[SourceDate "2004.09.01"]
[SourceVersion "2"]
[SourceVersionDate "2004.09.01"]
[SourceQuality "1"]

1. d4 Nf6 2. c4 c5 3. d5 b5 4. cxb5 a6 5. bxa6 g6 6. Nc3 Bxa6 7. g3 d6 8. Bg2 Bg7 9. Nf3 Nbd7 10. 0-0 Nb6 11. Re1 0-0 12. e4 Nfd7 13. Qc2 Nc4 14. Rd1 Qa5 15. Bf1 Na3 16. bxa3 Qxc3 17. Qxc3 Bxc3 18. Rb1 Bxf1 19. Kxf1 Nf6 20. Rd3 Nxe4 21. Ng5 Nxg5 22. Bxg5 Bf6 23. Bxf6 exf6 24. Rb6 Rfd8 25. Ke2 g5 26. Rdb3 Kg7 27. Kd3 Ra4 28. Kc2 f5 29. Re3 Kf6 30. Kb3 Rd4 31. a4 Rxd5 32. a5 Rd2 33. a6 f4 34. gxf4 gxf4 35. Re4 Kf5 36. Re7 d5 37. a7 c4+ 38. Ka3 Rd3+ 39. Ka4 Rd2 40. a3 Ra8 41. Rxf7+ Ke4 42. Rb8 Rxa7+ 43. Rxa7 c3 44. Rc8 d4 45. Rd7 Kf3 46. Kb3 Kxf2 47. a4 f3 48. a5 Ke2 49. Re7+ Kd1 50. Rf7 f2 51. a6 Rb2+ 52. Ka3 Rb6 53. a7 Ra6+ 54. Kb3 c2 55. Rxc2 Rb6+ 56. Kc4 Rc6+ 57. Kxd4 Rxc2 58. a8Q Rd2+ 59. Kc3 Re2 1-0

[Event "SWE-chB"]
[Site "Gothenburg"]
[Date "2004.07.19"]
[Round "9"]
[White "Andreasson, Ingvar"]
[Black "Rylander, Dennis"]
[Result "1-0"]
[WhiteElo "2326"]
[BlackElo "2325"]
[PlyCount "81"]
[EventDate "2004.07.10"]
[EventType "tourn"]
[EventRounds "13"]
[EventCountry "SWE"]
[EventCategory "1"]
[SourceTitle "CBM 101 Extra"]
[Source "ChessBase"]
[SourceDate "2004.09.01"]
[SourceVersion "2"]
[SourceVersionDate "2004.09.01"]
[SourceQuality "1"]

1. g3 d5 2. Bg2 Nf6 3. c4 c6 4. Qb3 dxc4 5. Qxc4 e5 6. Nf3 Bd6 7. 0-0 Be6 8. Qc2 0-0 9. Nc3 Nbd7 10. d4 h6 11. Rd1 Qe7 12. h3 Rfe8 13. e4 exd4 14. Nxd4 Rad8 15. Be3 Nb6 16. f4 Nh5 17. Nxe6 Qxe6 18. e5 Bc7 19. Bf2 Rxd1+ 20. Rxd1 g6 21. b3 Rd8 22. Rxd8+ Bxd8 23. Ne4 Nc8 24. Qd2 Qe7 25. Kh2 Bb6 26. Bxb6 axb6 27. Bf3 Ng7 28. Nf6+ Kh8 29. Bg4 Ne6 30. h4 Kg7 31. h5 c5 32. hxg6 fxg6 33. Qd5 Kf7 34. Ng8 Qe8 35. Nxh6+ Kg7 36. Qxe6 Ne7 37. f5 Kxh6 38. f6 Qd8 39. Qd7 Qxd7 40. Bxd7 Nd5 41. e6 1-0

[Event "SWE-chB"]
[Site "Gothenburg"]
[Date "2004.07.12"]
[Round "3"]
[White "Hultin, Johan"]
[Black "Rylander, Dennis"]
[Result "1/2-1/2"]
[WhiteElo "2295"]
[BlackElo "2325"]
[PlyCount "117"]
[EventDate "2004.07.10"]
[EventType "tourn"]
[EventRounds "13"]
[EventCountry "SWE"]
[EventCategory "1"]
[SourceTitle "CBM 101 Extra"]
[Source "ChessBase"]
[SourceDate "2004.09.01"]
[SourceVersion "2"]
[SourceVersionDate "2004.09.01"]
[SourceQuality "1"]

1. Nf3 f5 2. g3 Nf6 3. Bg2 g6 4. d4 Bg7 5. c3 c6 6. Qb3 Qb6 7. Nbd2 Qxb3 8. axb3 Na6 9. 0-0 Nc7 10. Re1 d6 11. e4 fxe4 12. Nxe4 Nxe4 13. Rxe4 Bf5 14. Re1 Bf6 15. Bg5 Kf7 16. Bxf6 exf6 17. Nd2 d5 18. b4 Nb5 19. Bf1 Nd6 20. f3 a6 21. g4 Bd7 22. Re3 Rae8 23. Rxe8 Rxe8 24. Kf2 h5 25. h3 g5 26. Bd3 f5 27. Rg1 Kf6 28. gxh5 Rh8 29. h4 gxh4 30. Rg6+ Ke7 31. Rg7+ Nf7 32. f4 Rxh5 33. Be2 Rh8 34. Nf3 Kf6 35. Rg1 Nd6 36. Rh1 Ne4+ 37. Ke1 h3 38. Bf1 h2 39. Rxh2 Rxh2 40. Nxh2 Be8 41. Be2 Ke6 42. Nf1 Nf6 43. Ng3 Bg6 44. Kf2 Nd7 45. Bd1 Nb6 46. Bb3 Nc8 47. Bd1 Nb6 48. Bb3 Nc8 49. Ne2 Nd6 50. Nc1 Ne4+ 51. Ke3 Bh5 52. Nd3 Nd6 53. Nc5+ Ke7 54. Bc2 Be8 55. Bd3 Bd7 56. Kf3 Bc8 57. Kg3 Kf6 58. Kh4 Kg6 59. Be2 1/2-1/2

[Event "SWE-ch Master Elite"]
[Site "Skara"]
[Date "2002.07.04"]
[Round "5"]
[White "Eriksson, Anders"]
[Black "Rylander, Dennis"]
[Result "0-1"]
[WhiteElo "2301"]
[BlackElo "2308"]
[PlyCount "98"]
[EventDate "2002.06.30"]
[EventType "tourn"]
[EventRounds "13"]
[EventCountry "SWE"]
[EventCategory "3"]
[SourceTitle "CBM 089 Extra"]
[Source "ChessBase"]
[SourceDate "2002.09.10"]
[SourceVersion "2"]
[SourceVersionDate "2002.09.10"]
[SourceQuality "1"]

1. Nf3 d5 2. g3 Bg4 3. Bg2 Nd7 4. 0-0 e5 5. d3 Ngf6 6. Nbd2 Bc5 7. e4 dxe4 8. dxe4 0-0 9. h3 Bh5 10. Qe1 Re8 11. Nc4 b5 12. Na5 Qc8 13. Nh4 Bb6 14. Nf5 Qa6 15. Nb3 c5 16. g4 Bg6 17. Bg5 c4 18. Nd2 Rad8 19. Qe2 Nc5 20. Nh6+ gxh6 21. Bxf6 Rd6 22. Bh4 Ne6 23. Bg3 Nd4 24. Qd1 Qa4 25. c3 Qxd1 26. Rfxd1 Ne2+ 27. Kf1 Nxg3+ 28. fxg3 Rd3 29. Nf3 Bxe4 30. Ne1 Bxg2+ 31. Kxg2 e4 32. Nxd3 cxd3 33. Kf1 Rd8 34. Rd2 e3 35. Rg2 Rd6 36. Ke1 e2 37. Kd2 Rf6 38. Rh2 Rf3 39. Rhh1 Rxg3 40. a4 Bc7 41. Ke1 Rf3 42. axb5 Bg3+ 43. Kd2 Bh4 44. b4 Bg5+ 45. Ke1 Be3 46. Ra6 Bf4 47. Rxa7 Bg3+ 48. Kd2 Rf1 49. Ra1 e1Q+ 0-1

[Event "Stockholm Elo"]
[Site "Stockholm"]
[Date "2002.??.??"]
[Round "5"]
[White "Rylander, Dennis"]
[Black "Collett, Peter"]
[Result "1-0"]
[WhiteElo "2313"]
[BlackElo "2000"]
[PlyCount "111"]
[EventDate "2002.06.08"]
[EventType "tourn"]
[EventRounds "9"]
[EventCountry "SWE"]
[SourceTitle "EXT 2003"]
[Source "ChessBase"]
[SourceDate "2002.11.25"]
[SourceVersion "1"]
[SourceVersionDate "2002.11.25"]
[SourceQuality "1"]

1. d4 Nf6 2. c4 e6 3. Nc3 Bb4 4. f3 d5 5. a3 Bxc3+ 6. bxc3 c5 7. cxd5 Nxd5 8. dxc5 Qa5 9. e4 Ne7 10. Be3 0-0 11. Qb3 Qc7 12. Bb5 e5 13. Ne2 Nec6 14. 0-0 Be6 15. c4 Na5 16. Qc2 a6 17. Ba4 Nxc4 18. Bf2 Nd7 19. Bxd7 Qxd7 20. Rfd1 Qc6 21. Nc3 b5 22. Nd5 Rfe8 23. a4 Kf8 24. h4 h6 25. Kh2 Rad8 26. Nb4 Qc8 27. axb5 axb5 28. Nd5 Qc6 29. Ra7 Rd7 30. Nb4 Qc8 31. Rdxd7 Bxd7 32. Qa2 Be6 33. Nd5 Bd7 34. Rc7 Qd8 35. c6 Be6 36. Qa7 Kg8 37. Qc5 Nd6 38. Ra7 Nc8 39. Ra8 Kh7 40. Qxb5 Qd6 41. Qc5 f5 42. Qxd6 Nxd6 43. Ra7 Rf8 44. Re7 Bc8 45. Bc5 Nc4 46. Rc7 Rd8 47. Be7 Rg8 48. h5 Be6 49. Nf6+ Kh8 50. Nxg8 Kxg8 51. Bc5 fxe4 52. fxe4 Nd2 53. Re7 Bg4 54. Rxe5 Kf7 55. Re7+ Kf6 56. e5+ 1-0

[Event "Thompson Memorial op"]
[Site "Dallas"]
[Date "2001.09.15"]
[Round "2"]
[White "Wojtkiewicz, Aleksander"]
[Black "Rylander, Dennis"]
[Result "1-0"]
[WhiteElo "2568"]
[BlackElo "2296"]
[PlyCount "63"]
[EventDate "2001.09.14"]
[EventType "swiss"]
[EventRounds "5"]
[EventCountry "USA"]
[SourceTitle "EXT 2004"]
[Source "ChessBase"]
[SourceDate "2003.11.25"]
[SourceVersion "1"]
[SourceVersionDate "2003.11.25"]
[SourceQuality "1"]

1. Nf3 d5 2. d4 Nf6 3. c4 c6 4. Qc2 dxc4 5. Qxc4 Bf5 6. g3 e6 7. Bg2 Be7 8. 0-0 0-0 9. e3 Nbd7 10. Rd1 Re8 11. Qe2 Qc7 12. Nc3 e5 13. e4 Bg4 14. h3 Bxf3 15. Qxf3 exd4 16. Rxd4 Bd6 17. Rd1 Be5 18. Qe2 Rad8 19. Qc2 Bxc3 20. bxc3 Nc5 21. Bf4 Rxd1+ 22. Rxd1 Qa5 23. Rd4 Rd8 24. Bd6 Ne6 25. Ra4 Qb6 26. Rb4 Qa6 27. Bf1 Qa5 28. Ra4 Qb6 29. Be7 Rd7 30. Bxf6 gxf6 31. e5 fxe5 32. Rg4+ 1-0

[Event "Ken Smith Memorial op"]
[Site "Dallas"]
[Date "2001.02.25"]
[Round "4"]
[White "Rylander, Dennis"]
[Black "Chalker, Robert P"]
[Result "1-0"]
[WhiteElo "2273"]
[BlackElo "1932"]
[PlyCount "47"]
[EventDate "2001.02.23"]
[EventType "swiss"]
[EventRounds "5"]
[EventCountry "USA"]
[SourceTitle "EXT 2005"]
[Source "ChessBase"]
[SourceDate "2004.11.15"]
[SourceVersion "1"]
[SourceVersionDate "2004.11.15"]
[SourceQuality "1"]

1. d4 d5 2. c4 c6 3. Nc3 Nf6 4. Nf3 dxc4 5. a4 Bf5 6. e3 e6 7. Bxc4 Bb4 8. 0-0 0-0 9. Qe2 Nbd7 10. e4 Bg6 11. e5 Nd5 12. Ne4 Rc8 13. Rd1 Qa5 14. Nh4 b5 15. Nxg6 hxg6 16. Bb3 N7b6 17. Qg4 Nc4 18. Qh4 f6 19. exf6 Nxf6 20. Nxf6+ Rxf6 21. Bg5 Rf5 22. axb5 Qxb5 23. Rac1 Rxg5 24. Bxc4 1-0

[Event "SWE-ch masters"]
[Site "Linkoping"]
[Date "2001.??.??"]
[Round "2"]
[White "Rylander, Dennis"]
[Black "Eriksson, Jorgen"]
[Result "1/2-1/2"]
[WhiteElo "2267"]
[BlackElo "2216"]
[PlyCount "29"]
[EventDate "2001.??.??"]
[EventType "tourn"]
[EventRounds "13"]
[EventCountry "SWE"]
[EventCategory "1"]
[SourceTitle "EXT 2002"]
[Source "ChessBase"]
[SourceDate "2001.11.25"]
[SourceVersion "1"]
[SourceVersionDate "2001.11.25"]
[SourceQuality "1"]

1. d4 d5 2. c4 e6 3. Nc3 c6 4. Nf3 f5 5. g3 Nf6 6. Bg2 Bd6 7. 0-0 0-0 8. b3 b6 9. Ne5 Bb7 10. Bb2 Nbd7 11. cxd5 exd5 12. Qd3 Ne4 13. Nxe4 fxe4 14. Qd2 Qe7 15. Nxd7 1/2-1/2

[Event "SWE-chT 0001"]
[Site "Sweden"]
[Date "2000.10.15"]
[Round "3"]
[White "Rylander, Dennis"]
[Black "Mohammadi, Amir"]
[Result "0-1"]
[WhiteElo "2320"]
[BlackElo "2188"]
[PlyCount "88"]
[EventDate "2000.10.13"]
[EventType "team"]
[EventRounds "11"]
[EventCountry "SWE"]
[SourceTitle "EXT 2006"]
[Source "ChessBase"]
[SourceDate "2005.11.24"]
[SourceVersion "1"]
[SourceVersionDate "2005.11.24"]
[SourceQuality "1"]
[WhiteTeam "Stockholm Rockaden"]
[BlackTeam "Kamraterna "]
[WhiteTeamCountry "SWE"]
[BlackTeamCountry "SWE"]

1. d4 f5 2. c4 Nf6 3. g3 e6 4. Bg2 Be7 5. Nf3 0-0 6. 0-0 Qe8 7. Nbd2 c6 8. Ne5 d6 9. Nd3 Nbd7 10. Nf3 Bd8 11. Bf4 Ne4 12. Qc1 Bf6 13. Rb1 e5 14. Be3 a5 15. b3 Qe7 16. Rd1 c5 17. dxe5 dxe5 18. Nd2 Ng5 19. Qa3 e4 20. Nf4 b6 21. Nd5 Qf7 22. Nxf6+ Qxf6 23. Nf1 Ne5 24. Qb2 Ngf7 25. Bd2 Bb7 26. Bc3 Rfe8 27. Ne3 f4 28. Nd5 Bxd5 29. Rxd5 f3 30. exf3 Nxf3+ 31. Bxf3 Qxf3 32. Re1 Rad8 33. Rxd8 Rxd8 34. Bxg7 Ng5 35. Bf6 Nh3+ 36. Kf1 Rf8 37. Re3 Qxf6 38. Qxf6 Rxf6 39. Rxe4 Rxf2+ 40. Ke1 Rxa2 41. Rh4 Nf2 42. Rh6 Nd3+ 43. Kd1 Rb2 44. Rxb6 a4 0-1

[Event "SWE-ch"]
[Site "Oerebro"]
[Date "2000.07.09"]
[Round "7"]
[White "Rylander, Dennis"]
[Black "Wedberg, Tom"]
[Result "1-0"]
[WhiteElo "2223"]
[BlackElo "2473"]
[PlyCount "143"]
[EventDate "2000.07.02"]
[EventType "tourn"]
[EventRounds "13"]
[EventCountry "SWE"]
[EventCategory "8"]
[SourceTitle "CBM 077 Extra"]
[Source "ChessBase"]
[SourceDate "2000.09.14"]
[SourceVersion "1"]
[SourceVersionDate "2000.09.14"]
[SourceQuality "1"]

1. d4 Nf6 2. c4 e6 3. Nf3 c5 4. d5 d6 5. Nc3 exd5 6. cxd5 g6 7. g3 Bg7 8. Bg2 0-0 9. 0-0 Na6 10. h3 Re8 11. Re1 Ne4 12. Nxe4 Rxe4 13. Qc2 Re8 14. Bg5 Qd7 15. e4 b5 16. Bf4 Bb7 17. Rad1 c4 18. Bf1 Rac8 19. Nd4 Nb4 20. Qc3 Nd3 21. Bxd3 cxd3 22. Qxd3 Rc4 23. Be3 a6 24. b3 Rc7 25. Kg2 h5 26. f3 Rec8 27. Rc1 Rxc1 28. Rxc1 Rxc1 29. Bxc1 Qc7 30. Qc2 Qd7 31. Be3 Qe8 32. Qc7 Bxd5 33. Qxd6 Bb7 34. Ne2 f5 35. Qb6 Qd7 36. exf5 gxf5 37. Nf4 Bc6 38. Qxa6 Be5 39. Qb6 Qe8 40. Qc5 Bxf4 41. gxf4 Qg6+ 42. Kf2 h4 43. Ke1 Qg3+ 44. Bf2 Qxf3 45. Qxf5 Be4 46. Qe6+ Kh7 47. Qf7+ Kh6 48. Qf6+ Bg6 49. Qh8+ Bh7 50. Qf6+ Bg6 51. Qh8+ Bh7 52. Qf8+ Kg6 53. f5+ Qxf5 54. Qxf5+ Kxf5 55. Bxh4 Ke6 56. Bf2 Bb1 57. Kd2 Kd5 58. Kc3 Bg6 59. Kb4 Be8 60. h4 Kc6 61. a4 bxa4 62. Kxa4 Bh5 63. b4 Bd1+ 64. Ka5 Be2 65. Be3 Bf3 66. b5+ Kc7 67. b6+ Kb8 68. Kb5 Kc8 69. Bf4 Kb7 70. Kc5 Kc8 71. Kd6 Kd8 72. h5 1-0

[Event "SWE-ch"]
[Site "Oerebro"]
[Date "2000.07.07"]
[Round "6"]
[White "Brynell, Stellan"]
[Black "Rylander, Dennis"]
[Result "1-0"]
[WhiteElo "2484"]
[BlackElo "2223"]
[PlyCount "133"]
[EventDate "2000.07.02"]
[EventType "tourn"]
[EventRounds "13"]
[EventCountry "SWE"]
[EventCategory "8"]
[SourceTitle "CBM 077 Extra"]
[Source "ChessBase"]
[SourceDate "2000.09.14"]
[SourceVersion "1"]
[SourceVersionDate "2000.09.14"]
[SourceQuality "1"]

1. e4 e6 2. d4 d5 3. Nd2 Be7 4. Bd3 c5 5. dxc5 Nf6 6. Qe2 dxe4 7. Nxe4 Nxe4 8. Bxe4 Bxc5 9. Nf3 0-0 10. Bd2 f6 11. 0-0-0 Qc7 12. h4 Nc6 13. Bc3 Rb8 14. Kb1 b5 15. b3 Rb6 16. Bb2 a5 17. g4 Bb7 18. Rd2 Qf4 19. Rhd1 Rf7 20. g5 Re7 21. gxf6 gxf6 22. Rg1+ Kf7 23. Bxh7 e5 24. Bg8+ Ke8 25. Bd5 Nd4 26. Nxd4 exd4 27. Bxb7 Rxe2 28. Rxe2+ Be7 29. Bd5 Rd6 30. Be6 Rxe6 31. Rxe6 Kf7 32. Rge1 Bb4 33. R1e4 Qf3 34. Bxd4 Qd1+ 35. Kb2 Ba3+ 36. Kxa3 Qc1+ 37. Bb2 b4+ 38. Ka4 Qxb2 39. Kxa5 Qxa2+ 40. Kxb4 Qxc2 41. Re2 Qd3 42. R6e4 Qd6+ 43. Kc3 Qc5+ 44. Kb2 Kg6 45. Rd2 Qb5 46. Red4 Qc5 47. b4 Qb6 48. Kb3 Qe6+ 49. Rd5 Qh3+ 50. Ka4 Qxh4 51. Ka5 Qc4 52. b5 Qc3+ 53. Kb6 Qb4 54. Kc6 Qa4 55. Kb7 Qe4 56. b6 Qe7+ 57. Kb8 Qe8+ 58. Rd8 Qc6 59. b7 Qb6 60. R8d6 Qc5 61. f4 Kf7 62. R2d5 Qc4 63. Rf5 Ke7 64. Rfxf6 Qc5 65. Rfe6+ Kf7 66. Rc6 Qf8+ 67. Kc7 1-0

[Event "SWE-ch"]
[Site "Oerebro"]
[Date "2000.07.06"]
[Round "5"]
[White "Rylander, Dennis"]
[Black "Barkhagen, Jonas"]
[Result "0-1"]
[WhiteElo "2223"]
[BlackElo "2449"]
[PlyCount "78"]
[EventDate "2000.07.02"]
[EventType "tourn"]
[EventRounds "13"]
[EventCountry "SWE"]
[EventCategory "8"]
[SourceTitle "CBM 077 Extra"]
[Source "ChessBase"]
[SourceDate "2000.09.14"]
[SourceVersion "1"]
[SourceVersionDate "2000.09.14"]
[SourceQuality "1"]

1. d4 d5 2. c4 c6 3. Nf3 Nf6 4. Nc3 e6 5. e3 Nbd7 6. Bd3 Bd6 7. 0-0 0-0 8. e4 dxe4 9. Nxe4 Nxe4 10. Bxe4 h6 11. Bc2 c5 12. Qd3 Nf6 13. b4 cxb4 14. Re1 b6 15. Bb2 b5 16. c5 Bc7 17. Ne5 Bxe5 18. Rxe5 Bb7 19. Rae1 Bd5 20. Bb1 Qd7 21. g4 g6 22. Qg3 Nh7 23. f4 Rfe8 24. Qh3 Kg7 25. Bc1 f5 26. Qg3 Kf7 27. Qh4 Nf6 28. h3 h5 29. gxf5 gxf5 30. Bd3 Rg8+ 31. Kf1 Rg6 32. Be2 Qc6 33. Bb2 Rag8 34. Bxh5 Nxh5 35. Qxh5 Bc4+ 36. Kf2 Qg2+ 37. Ke3 Qxb2 38. Rxf5+ Ke7 39. Qh4+ Ke8 0-1

[Event "SWE-ch"]
[Site "Oerebro"]
[Date "2000.07.04"]
[Round "3"]
[White "Rylander, Dennis"]
[Black "Akesson, Ralf"]
[Result "1/2-1/2"]
[WhiteElo "2223"]
[BlackElo "2486"]
[PlyCount "117"]
[EventDate "2000.07.02"]
[EventType "tourn"]
[EventRounds "13"]
[EventCountry "SWE"]
[EventCategory "8"]
[SourceTitle "CBM 077 Extra"]
[Source "ChessBase"]
[SourceDate "2000.09.14"]
[SourceVersion "1"]
[SourceVersionDate "2000.09.14"]
[SourceQuality "1"]

1. d4 Nf6 2. c4 g6 3. Nc3 d5 4. cxd5 Nxd5 5. e4 Nxc3 6. bxc3 Bg7 7. Bc4 c5 8. Ne2 0-0 9. 0-0 Nc6 10. Be3 Bg4 11. f3 Na5 12. Bxf7+ Rxf7 13. fxg4 Rxf1+ 14. Kxf1 cxd4 15. cxd4 e5 16. Rc1 b5 17. dxe5 Qxd1+ 18. Rxd1 Bxe5 19. Rd7 a6 20. Nd4 Nc4 21. Ke2 Bxh2 22. Nf3 Bd6 23. Bd4 Re8 24. Rg7+ Kf8 25. Kd3 Re7 26. Rxe7 Bxe7 27. a4 Nd6 28. axb5 Nxb5 29. Bb6 Kf7 30. e5 Ke6 31. Ke4 Nc3+ 32. Kd4 Nb5+ 33. Ke4 Kd7 34. Ba5 Kc6 35. Nd4+ Kc5 36. Nb3+ Kc6 37. Nd4+ Nxd4 38. Kxd4 Bc5+ 39. Kc4 Bf2 40. Bb4 Bb6 41. Ba3 Bf2 42. e6 a5 43. Be7 Be1 44. Ba3 Bb4 45. Bxb4 axb4 46. Kxb4 Kd6 47. Kc4 Kxe6 48. Kd4 Kf6 49. Ke4 Kg5 50. Kf3 Kh4 51. Kf4 h6 52. g3+ Kh3 53. g5 h5 54. Kf3 h4 55. gxh4 Kxh4 56. Kf4 Kh5 57. Kf3 Kxg5 58. Kg3 Kf5 59. Kf3 1/2-1/2

[Event "Salongernas Elo"]
[Site "Stockholm"]
[Date "1999.06.13"]
[Round "9"]
[White "Rylander, Dennis"]
[Black "Hjelm, Niclas"]
[Result "1/2-1/2"]
[WhiteElo "2141"]
[BlackElo "2306"]
[PlyCount "21"]
[EventDate "1999.06.??"]
[EventType "tourn"]
[EventRounds "9"]
[EventCountry "SWE"]
[SourceTitle "CBM 070 Extra"]
[Source "ChessBase"]
[SourceDate "1999.07.10"]
[SourceVersion "1"]
[SourceVersionDate "1999.07.10"]
[SourceQuality "1"]

1. d4 d5 2. c4 dxc4 3. e4 e5 4. Nf3 exd4 5. Bxc4 Bb4+ 6. Nbd2 Nc6 7. 0-0 Nf6 8. e5 Nd5 9. Nb3 Nb6 10. Bb5 Qd5 11. Nbxd4 1/2-1/2

[Event "Rilton Cup 28th"]
[Site "Stockholm"]
[Date "1999.01.03"]
[Round "6"]
[White "Tella, Jussi"]
[Black "Rylander, Dennis"]
[Result "1-0"]
[WhiteElo "2395"]
[BlackElo "2130"]
[PlyCount "75"]
[EventDate "1998.12.28"]
[EventType "swiss"]
[EventRounds "9"]
[EventCountry "SWE"]
[SourceTitle "CBM 068 Extra"]
[Source "ChessBase"]
[SourceDate "1999.03.01"]
[SourceVersion "1"]
[SourceVersionDate "1999.03.01"]
[SourceQuality "1"]

1. d4 d5 2. c4 c6 3. Nc3 Nf6 4. e3 e6 5. Nf3 Nbd7 6. Bd3 Bd6 7. 0-0 0-0 8. e4 dxc4 9. Bxc4 e5 10. Bg5 Qc7 11. h3 exd4 12. Bxf6 dxc3 13. Bxc3 Ne5 14. Bxe5 Bxe5 15. Qe2 Be6 16. Bxe6 fxe6 17. Rad1 Rad8 18. b3 Bf4 19. Qc4 Qf7 20. Rd3 Rxd3 21. Qxd3 Bc7 22. Rd1 Qe7 23. Qc4 Rd8 24. Rxd8+ Bxd8 25. g3 Bb6 26. Kg2 Qf6 27. h4 h6 28. Qe2 e5 29. h5 Bd4 30. Nh4 Kf7 31. Nf5 b5 32. Qd2 Qd8 33. f4 Qf6 34. fxe5 Bxe5 35. Qd7+ Kg8 36. Ne7+ Kh7 37. Qd8 Qe6 38. Ng6 1-0